| 000 | 00779nam a22002534a 4500 | ||
|---|---|---|---|
| 999 |
_c115959 _d115959 |
||
| 003 | UPN | ||
| 005 | 20240924070530.0 | ||
| 008 | 060405s2003 ck r 000 0 spa d | ||
| 020 | _a9586650642 | ||
| 035 | _aUPN01000143812 | ||
| 040 |
_aUPN _bspa _cUPN |
||
| 049 | _aCG | ||
| 050 | 4 |
_aJZ1318 _bT8.2 |
|
| 100 | 1 | _aTwining, William | |
| 245 | 1 | 0 |
_aDerecho y globalización / _cWilliam Twining ; estudio prel. y tr. Oscar Guardiola-Rivera. |
| 260 |
_aBogotá : _bSiglo del Hombre : _bUniversidad de los Andes, _c2003. |
||
| 300 | _a291 p. | ||
| 490 | _aBiblioteca universitaria. Ciencias sociales y humanidades | ||
| 490 | _aNuevo pensamiento jurídico | ||
| 650 | 4 |
_aGlobalización _95377 |
|
| 650 | 4 |
_aDerecho _xFilosofía _99941 |
|
| 905 | _aLibro | ||
| 942 |
_2lcc _cLIBRO |
||